People by Images - 'C' - Statistics

General Stats
  • This quiz has been taken 74 times
  • The average score is 7 of 16
Answer Stats
Picture Answer % Correct
Charlie Chaplin
99%
Charles Darwin
84%
Cleopatra
84%
Cristiano Ronaldo
84%
Charlemagne
67%
Charlize Theron
60%
Catherine the Great
47%
Chadwick Boseman
46%
Charlotte Brontë
36%
Chiang Kai-shek
21%
Copernicus
17%
Conchita Martínez
16%
Charles Babbage
4%
Clara Schumann
1%
Christian Dior
0%
Christian Stocker
0%
No matching quizzes found
Score Distribution
Percent of People with Each Score
Percentile by Number Answered
Your Score History
You have not taken this quiz